LEADER 01416nam a2200301 u 4500 001 000000055020 003 CaOOAMICUS 005 20070226115734.0 008 010112s1943 it u000 u ita u 035 $a10865388 040 $aPUL(R)$bita 100 0 $aPius PP.$bXII,$d1876-1958.$0(OLS)http://pul/name/56413 245 10$aAllocuzioni e messaggi natalizi di S.S. Pio XII :$b1939, 1940, 1941, 1942 /$cPio XII ; a cura di Pio Bondioli. 260 $aMilano :$bS.E.L.,$c1943. 300 $a87 p. ;$c22 cm 504 $aBibliografia: p. 19. 600 04$aPius PP.$bXII,$d1876-1958$xSermoni.$0(OLS)http://pul/subject/22397 700 1 $aBondioli, Pio,$dn. 1890.$0(OLS)http://pul/name/326 850 $aPUL 852 $aPUL$W1$xDP1 Fondo Giannini$y60$m1557 F 30$j72402$nBK-PRI$b $qFondi$B72402$CPULBib$Z2$F72402 $H $81 852 $aPUL$W1$xDP1 Fondo Cecchetti$y53$m272 C 36$j72403$nBK-PRI$b $qFondi$B72403$CPULBib$Z2$F72403 $HPUL6537 $81 900 $aPio$bXII,$cpapa,$d1876-1958$956413 900 $aPacelli, Eugenio,$d1876-1958$956413 910 $aPapi (1939-1958 : Pius PP. XII)$956413 910 $aPapi (1939-1958 : Pius PP. XII)$956413 941 1 $a1 996 $6245$aAllocuzioni e messaggi natalizi di S.S. Pio XII :$b1939, 1940, 1941, 1942$9(OLS)http://pul/title/73722 996 $6260$aMilano :$bS.E.L.$9(OLS)http://pul/publisher/68909 LEADER 01270nam a2200325 a 4500 001 000000136204 003 CaOOAMICUS 005 20220621145833.0 008 131114s1985 it u000 u ita r 032 $aLibriCat 040 $aPUL$bita 041 1 $aita$heng 082 04$a200.9 130 0 $aHistory of religion.$lItaliano.$0(OLS)http://pul/title/172232 245 10$aStudi di storia delle religioni /$ca cura di Mircea Eliade e Joseph M. Kitagawa. 260 $aFirenze :$bSansoni,$cİ1985. 300 $a183 p. ;$c21 cm 490 1 $aNuovi saggi 504 $aBibliografia in nota. 650 4$aReligioni$xStoria.$0(OLS)http://pul/subject/130 700 1 $aEliade, Mircea,$d1907-1986.$0(OLS)http://pul/name/1652 700 1 $aKitagawa, Joseph M.$0(OLS)http://pul/name/87692 830 0$aNuovi saggi (Sansoni).$0(OLS)http://pul/title/57991 850 $aPUL 852 $aPUL$W1$xSL Religione 3$y85$m200. 9 ELIMI 1$j156974$qDDC 21$B156387$CPULBib$Z2$F156387 $H123130 $82 941 1 $a9 996 $6082$a200.9$9(OLS)http://pul/classification/2577 996 $6245$aStudi di storia delle religioni$9(OLS)http://pul/title/172233 996 $6260$aFirenze :$bSansoni$9(OLS)http://pul/publisher/47896